[Event "C.to Europeo U18"]
[Site "Fermo ITA"]
[Date "2009.09.01"]
[Round "2"]
[White "Smola, Michal"]
[Black "Bulanov, Dmitri"]
[Result "1/2-1/2"]
[WhiteElo "2231"]
[BlackElo "2393"]
[PlyCount "92"]
[EventDate "2009.08.31"]

1. e4 Nf6 2. e5 Nd5 3. c4 Nb6 4. d4 d6 5. f4 dxe5 6. fxe5 c5 7. dxc5 Qxd1+ 8.
Kxd1 Na4 9. b3 Nxc5 10. Be3 e6 11. Nc3 Bd7 12. Be2 Nc6 13. Nf3 O-O-O 14. Bxc5
Bxc5 15. Ne4 Be8+ 16. Kc2 Nd4+ 17. Nxd4 Bxd4 18. Nd6+ Kc7 19. Rae1 Bxe5 20.
Nxe8+ Rhxe8 21. Bh5 Bd6 22. Rhf1 Re7 23. Rxf7 Rxf7 24. Bxf7 Rf8 25. Bxe6 Rf2+
26. Kb1 Rxg2 27. h3 h5 28. Re3 g5 29. Bd5 Rh2 30. Rf3 Bf4 31. Bf7 h4 32. Rd3
Be5 33. a3 Rb2+ 34. Kc1 Ra2 35. b4 Bb2+ 36. Kb1 Rxa3 37. Rxa3 Bxa3 38. Be6 Bxb4
39. Kc2 Kd6 40. Bg4 Kc5 41. Kb3 a5 42. Bf5 Kd4 43. Bg4 Bc5 44. Bf5 a4+ 45. Kxa4
Kxc4 46. Be6+ Kd4 1/2-1/2

[Event "C.to Europeo U18"]
[Site "Fermo ITA"]
[Date "2009.09.01"]
[Round "2"]
[White "Stankovic, Milos"]
[Black "Ter-Sahakyan, Samvel"]
[Result "1-0"]
[WhiteElo "2306"]
[BlackElo "2480"]
[PlyCount "131"]
[EventDate "2009.08.31"]

1. e4 c5 2. Nf3 d6 3. d4 Nf6 4. Nc3 cxd4 5. Nxd4 a6 6. Bg5 e6 7. f4 Qb6 8. Qd2
Nc6 9. Bxf6 gxf6 10. Nb3 Bd7 11. O-O-O O-O-O 12. Be2 h5 13. Rhf1 Be7 14. Rf3
Rdg8 15. Bf1 Kb8 16. Qe1 Rc8 17. Kb1 Nb4 18. Nd2 Bb5 19. a3 Bxf1 20. Qxf1 Nc6
21. Nc4 Qc7 22. Rfd3 Rcd8 23. Ne3 Rc8 24. Qe2 Na5 25. Qf3 b5 26. Ne2 Nb7 27. f5
Nc5 28. Rd4 Qb7 29. Nc1 Bd8 30. Nd3 Bb6 31. Rxd6 Nxe4 32. Rxb6 Nc3+ 33. bxc3
Qxb6 34. fxe6 fxe6 35. Re1 f5 36. Nd1 Rc6 37. Ne5 Rc7 38. Qd3 Ka8 39. Qd4 Qc5
40. Nd3 Qxd4 41. cxd4 Rg7 42. Ne3 Rd7 43. c3 a5 44. Nc5 Rd6 45. a4 f4 46. Nc2
bxa4 47. Rxe6 Rb8+ 48. Kc1 Rxe6 49. Nxe6 Kb7 50. Nxf4 Kc6 51. Nd3 h4 52. g4
hxg3 53. hxg3 Kd5 54. g4 Kc4 55. Kd2 Rh8 56. Ne3+ Kb5 57. c4+ Kc6 58. Ne5+ Kc7
59. Nd5+ Kb7 60. c5 a3 61. Kc2 Rh2+ 62. Kb1 Ka6 63. c6 a2+ 64. Ka1 Rc2 65. c7
Kb7 66. Nf7 1-0

[Event "C.to Europeo U18"]
[Site "Fermo ITA"]
[Date "2009.09.01"]
[Round "2"]
[White "Stips, Felix"]
[Black "Hookham, Jamie"]
[Result "1-0"]
[WhiteElo "2240"]
[BlackElo "1997"]
[PlyCount "75"]
[EventDate "2009.08.31"]

1. Nf3 g6 2. c4 Nf6 3. Nc3 c5 4. d4 cxd4 5. Nxd4 Nc6 6. e4 Nxd4 7. Qxd4 d6 8.
Bg5 Bg7 9. Be2 O-O 10. Qd2 Be6 11. O-O Qa5 12. Rac1 a6 13. f4 Bxc4 14. Bxc4
Qc5+ 15. Kh1 Qxc4 16. e5 dxe5 17. fxe5 Rfd8 18. Qe1 Nd7 19. Bxe7 Re8 20. Ne4
Qxa2 21. Nf6+ Nxf6 22. exf6 Bf8 23. Qb4 Bxe7 24. fxe7 b5 25. Rce1 Qc4 26. Qd6
a5 27. Rf4 Qb3 28. Qf6 b4 29. h4 h5 30. Kh2 Kh7 31. Re5 Rg8 32. Rf3 Qc4 33.
Rfe3 Ra6 34. Qf2 Re8 35. b3 Qc6 36. Qxf7+ Kh8 37. Qf8+ Kh7 38. Rf3 1-0

[Event "C.to Europeo U18"]
[Site "Fermo ITA"]
[Date "2009.09.01"]
[Round "2"]
[White "Valsecchi, Alessio"]
[Black "Van Cappellen, Jonas"]
[Result "1-0"]
[WhiteElo "2372"]
[BlackElo "2002"]
[PlyCount "95"]
[EventDate "2009.08.31"]

1. e4 e6 2. d4 d5 3. Nc3 Bb4 4. Nge2 Nc6 5. a3 Ba5 6. Ng3 dxe4 7. Bb5 Nf6 8.
O-O O-O 9. Bxc6 bxc6 10. Bg5 Bxc3 11. bxc3 Qd5 12. Bxf6 gxf6 13. Re1 Kh8 14.
Qd2 Rg8 15. Nxe4 Rg6 16. Ng3 c5 17. Rad1 Bb7 18. f3 c4 19. Rb1 Bc6 20. Rb4 Rag8
21. Qf4 h5 22. Re2 Kh7 23. Qxc7 h4 24. Ne4 f5 25. Qxf7+ Kh6 26. Nd2 h3 27. g3
Qd6 28. Kf2 R8g7 29. Nxc4 Qd5 30. Qf8 Qxf3+ 31. Ke1 Qxc3+ 32. Rd2 Qa1+ 33. Ke2
Qg1 34. Kd3 Kh7 35. Ne5 Be4+ 36. Kc4 Rc7+ 37. Kb5 Rb7+ 38. Ka5 Rxb4 39. Nxg6
Rb7 40. Ne7 f4 41. Qf7+ Kh6 42. Ng8+ Kg5 43. Qf6+ Kh5 44. Qh6+ Kg4 45. Qxf4+
Kh5 46. Qh6+ Kg4 47. Nf6+ Kf5 48. Rf2+ 1-0

[Event "C.to Europeo U18"]
[Site "Fermo ITA"]
[Date "2009.09.01"]
[Round "2"]
[White "Varga, David"]
[Black "Recuero Guerra, David"]
[Result "1/2-1/2"]
[WhiteElo "2285"]
[BlackElo "2460"]
[PlyCount "83"]
[EventDate "2009.08.31"]

1. e4 c5 2. Nf3 d6 3. d4 cxd4 4. Nxd4 Nf6 5. Nc3 Nc6 6. Bg5 e6 7. Qd2 Be7 8.
O-O-O Nxd4 9. Qxd4 a6 10. f4 b5 11. Be2 Bb7 12. Kb1 O-O 13. e5 dxe5 14. fxe5
Nd5 15. Bxe7 Nxe7 16. Qc5 Qe8 17. Bf3 Bxf3 18. gxf3 Ng6 19. Rd6 Qe7 20. Qd4 Qg5
21. Re1 h6 22. Qg4 Qxg4 23. fxg4 Rfc8 24. Rd4 Rc5 25. Rde4 Rac8 26. a4 bxa4 27.
Rxa4 Nxe5 28. h3 a5 29. Ne4 Rc4 30. Rxa5 Nf3 31. Re3 Rxe4 32. Rxf3 Re1+ 33. Ka2
Re2 34. Ra7 f6 35. Rb3 Rcxc2 36. Rbb7 Kh8 37. h4 Rg2 38. h5 Rc8 39. Rxg7 Rb8
40. Rh7+ Kg8 41. Rag7+ Kf8 42. Rf7+ 1/2-1/2

[Event "C.to Europeo U18"]
[Site "Fermo ITA"]
[Date "2009.09.01"]
[Round "2"]
[White "Zamengo, Bruno"]
[Black "Jendrichovsky, Peter"]
[Result "0-1"]
[WhiteElo "1847"]
[BlackElo "2147"]
[PlyCount "42"]
[EventDate "2009.08.31"]

1. e4 c5 2. Nf3 Nc6 3. d4 cxd4 4. Nxd4 Nf6 5. Nc3 e5 6. Nf3 Bb4 7. Bd3 d5 8.
Nd2 Bg4 9. f3 Be6 10. exd5 Nxd5 11. Nxd5 Bxd5 12. O-O O-O 13. Kh1 Qh4 14. c3
Be7 15. Ne4 Rad8 16. Qc2 f5 17. Ng3 e4 18. Be2 Bd6 19. f4 Rf6 20. Rd1 Qxg3 21.
Rxd5 Qe1+ 0-1

[Event "C.to Europeo U18"]
[Site "Fermo ITA"]
[Date "2009.09.01"]
[Round "2"]
[White "Zupec, Jan"]
[Black "Soors, Stef"]
[Result "1-0"]
[WhiteElo "1976"]
[BlackElo "2222"]
[PlyCount "149"]
[EventDate "2009.08.31"]

1. d4 Nf6 2. Bf4 g6 3. Nf3 Bg7 4. h3 d6 5. Nbd2 Nbd7 6. e4 O-O 7. c3 b6 8. Qc2
Bb7 9. Rd1 Qe8 10. Bb5 a6 11. Ba4 b5 12. Bb3 c5 13. Qb1 e5 14. dxe5 dxe5 15.
Bh2 Qe7 16. O-O Rac8 17. Rfe1 c4 18. Bc2 Nh5 19. Nf1 Bh6 20. Ne3 Bxe3 21. Rxe3
f6 22. b3 Nb6 23. a4 Rfd8 24. a5 cxb3 25. Bxb3+ Nc4 26. Nd2 Kf8 27. Nxc4 bxc4
28. Rxd8+ Qxd8 29. Bd1 Rc7 30. Bxh5 gxh5 31. f4 Rd7 32. Qb4+ Ke8 33. Qxc4 Rg7
34. Rd3 Qc7 35. Qxc7 Rxc7 36. fxe5 fxe5 37. Bxe5 Rd7 38. Bd6 Bxe4 39. Re3 Rxd6
40. Rxe4+ Kd7 41. Re5 Rh6 42. h4 Kd8 43. Rc5 Ke8 44. Kf2 Kf7 45. Ke3 Re6+ 46.
Kd4 Kg6 47. Rg5+ Kh6 48. Re5 Rg6 49. c4 Rxg2 50. Re6+ Kg7 51. Kd5 Rg4 52. Re4
Kf6 53. c5 Rxe4 54. Kxe4 Ke6 55. Kd4 Ke7 56. Ke5 Kd7 57. Kd5 Kc7 58. c6 Kd8 59.
Kd6 Kc8 60. c7 h6 61. Ke6 Kxc7 62. Kf6 Kd6 63. Kg6 Ke5 64. Kxh6 Kf4 65. Kxh5
Kf5 66. Kh6 Kf6 67. h5 Kf7 68. Kg5 Kg7 69. Kf5 Kh6 70. Ke5 Kxh5 71. Kd5 Kg6 72.
Kc6 Kf6 73. Kb6 Ke6 74. Kxa6 Kd7 75. Kb7 1-0

[Event "C.to Europeo U18"]
[Site "Fermo ITA"]
[Date "2009.09.02"]
[Round "3"]
[White "Botta, Gabriele"]
[Black "Setala, Touko"]
[Result "1-0"]
[WhiteElo "2228"]
[BlackElo "1808"]
[PlyCount "103"]
[EventDate "2009.08.31"]

1. e4 c5 2. Nf3 d6 3. d4 cxd4 4. Nxd4 Nf6 5. Nc3 g6 6. Be2 Bg7 7. O-O Nc6 8.
Be3 O-O 9. Kh1 Bd7 10. f4 Nxd4 11. Bxd4 Bc6 12. Bf3 Rc8 13. Qe2 Nd7 14. Bxg7
Kxg7 15. Rad1 Qb6 16. b3 Qa5 17. Nd5 Bxd5 18. exd5 Qxa2 19. Qxe7 Nf6 20. Qxd6
Qxc2 21. Qb4 b6 22. d6 Rfd8 23. g4 Rc3 24. Qd4 Rxf3 25. Rxf3 Qe4 26. Qxe4 Nxe4
27. d7 Nc5 28. b4 Rxd7 29. Rxd7 Nxd7 30. b5 Nf6 31. Ra3 Nd5 32. Rxa7 Nc3 33.
Rb7 Nxb5 34. Rxb6 Nc3 35. Rb3 Nd5 36. Rf3 Nf6 37. h3 h5 38. g5 Nd5 39. Kg2 f6
40. h4 fxg5 41. fxg5 Nb4 42. Rb3 Nd5 43. Rb7+ Kf8 44. Kf3 Ne7 45. Rb6 Kg7 46.
Rb7 Kf8 47. Kf4 Nf5 48. Ke5 Nxh4 49. Kf6 Ke8 50. Rb8+ Kd7 51. Rb4 Nf3 52. Rf4
1-0

[Event "C.to Europeo U18"]
[Site "Fermo ITA"]
[Date "2009.09.02"]
[Round "3"]
[White "Bulanov, Dmitri"]
[Black "Ollier, Pablo"]
[Result "1-0"]
[WhiteElo "2393"]
[BlackElo "2226"]
[PlyCount "119"]
[EventDate "2009.08.31"]

1. e4 e6 2. d3 d5 3. Nd2 c5 4. g3 Nc6 5. Bg2 g6 6. Ngf3 Bg7 7. O-O Nge7 8. Re1
O-O 9. e5 h6 10. Nf1 Qc7 11. Qe2 Nd4 12. Nxd4 cxd4 13. h4 Bd7 14. Bf4 Rac8 15.
Rac1 Qa5 16. a3 Qa4 17. Nh2 Kh7 18. Ng4 Ng8 19. Bf3 Qb5 20. b3 Qa5 21. a4 Rc6
22. Qf1 Rfc8 23. Bd1 b5 24. axb5 R6c7 25. Nf6+ Kh8 26. Nxd7 Rxd7 27. Qe2 Qxb5
28. Kg2 Ne7 29. h5 g5 30. Bd2 Rdc7 31. Kh2 Bf8 32. Rg1 Kh7 33. f4 gxf4 34. gxf4
Nf5 35. Qg2 Bg7 36. Bg4 Bh8 37. Bxf5+ exf5 38. Be1 Qd7 39. Bf2 Qd8 40. Qh3 Qd7
41. Qg3 Qd8 42. Qh3 Qd7 43. Qg2 Qd8 44. Be1 Qd7 45. Bh4 Qe6 46. Kh1 Rc3 47. Qh2
Qc6 48. Qh3 Qe6 49. Qg3 a6 50. Qg2 Qc6 51. Qh3 Qe6 52. Qg3 R3c6 53. Rg2 Rc3 54.
Rcg1 a5 55. Qh2 Qc6 56. Be1 Rxc2 57. Rxc2 Qxc2 58. Qh3 Qc5 59. Qh2 Qc2 60. Qh3
1-0

[Event "C.to Europeo U18"]
[Site "Fermo ITA"]
[Date "2009.09.02"]
[Round "3"]
[White "Casanova, Fernando"]
[Black "Janev, Tihomir"]
[Result "0-1"]
[WhiteElo "2059"]
[BlackElo "2322"]
[PlyCount "34"]
[EventDate "2009.08.31"]

1. c4 e5 2. Nc3 Nf6 3. g3 d5 4. cxd5 Nxd5 5. Bg2 Ne7 6. Nf3 Nbc6 7. d3 g6 8.
O-O Bg7 9. Bd2 O-O 10. Rc1 h6 11. a3 a5 12. Ne4 b6 13. Nc3 Be6 14. Qa4 Rc8 15.
Qh4 Qd7 16. e4 g5 17. Bxg5 Ng6 0-1

[Event "C.to Europeo U18"]
[Site "Fermo ITA"]
[Date "2009.09.02"]
[Round "3"]
[White "Chirila, Ioan-Cristian"]
[Black "Leniart, Arkadiusz"]
[Result "1-0"]
[WhiteElo "2526"]
[BlackElo "2390"]
[PlyCount "139"]
[EventDate "2009.08.31"]

1. e4 c5 2. Nf3 Nc6 3. d4 cxd4 4. Nxd4 Nf6 5. Nc3 e5 6. Ndb5 d6 7. Bg5 a6 8.
Na3 b5 9. Nd5 Be7 10. Bxf6 Bxf6 11. c3 O-O 12. Nc2 Bg5 13. a4 bxa4 14. Rxa4 a5
15. Bc4 Rb8 16. b3 Kh8 17. h4 Bh6 18. Nce3 Be6 19. Ng4 f5 20. Nxh6 gxh6 21.
exf5 Bxf5 22. Ne3 Ne7 23. O-O Be4 24. Bd5 Bg6 25. g3 Be8 26. Ra2 Nxd5 27. Nxd5
Rb5 28. c4 Rc5 29. f4 Bc6 30. fxe5 Rxf1+ 31. Qxf1 Bxd5 32. cxd5 dxe5 33. Rf2
Kg8 34. Rd2 Qc8 35. Qf2 Qf8 36. Qe2 Qd6 37. Kh2 Kh8 38. Qg4 h5 39. Qf3 Qh6 40.
Rf2 Qd6 41. Rd2 Qh6 42. Qf2 Qd6 43. Qf7 Rc8 44. Qxh5 e4 45. Re2 Rg8 46. Re3 Qf6
47. Qe2 Qe5 48. Qc4 Re8 49. Qc6 Rd8 50. Rxe4 Qxe4 51. Qf6+ Kg8 52. Qxd8+ Kf7
53. Qd7+ Kf8 54. Qc8+ Kg7 55. Qc3+ Kf7 56. Qc7+ Kg6 57. Qd6+ Kg7 58. Qe6 Qc2+
59. Kh3 Qxb3 60. Qe7+ Kg8 61. Qd8+ Kf7 62. Qxa5 Qd1 63. Qc7+ Kf6 64. Qd6+ Kf7
65. Qe6+ Kf8 66. d6 h5 67. Kg2 Qd2+ 68. Kf3 Qd3+ 69. Qe3 Qd1+ 70. Ke4 1-0

[Event "C.to Europeo U18"]
[Site "Fermo ITA"]
[Date "2009.09.02"]
[Round "3"]
[White "Della Mora, David"]
[Black "Piccoli, Vincenzo"]
[Result "0-1"]
[WhiteElo "1665"]
[BlackElo "2007"]
[PlyCount "56"]
[EventDate "2009.08.31"]

1. d4 Nf6 2. c4 e6 3. Nc3 Bb4 4. Bg5 h6 5. Bh4 c5 6. e3 Qa5 7. Qc2 Ne4 8. Rc1
Nxc3 9. bxc3 Ba3 10. Rd1 cxd4 11. exd4 O-O 12. Bd3 Nc6 13. Ne2 Qc7 14. c5 Qa5
15. Rb1 a6 16. Bg3 e5 17. O-O d6 18. Rfe1 Re8 19. Nf4 Bd7 20. Bh7+ Kh8 21. Nd3
Nd8 22. cxd6 Ba4 23. d7 Re7 24. Rb3 Bxb3 25. axb3 Kxh7 26. Nxe5+ Kg8 27. Bh4 g5
28. Bg3 Nc6 0-1

[Event "C.to Europeo U18"]
[Site "Fermo ITA"]
[Date "2009.09.02"]
[Round "3"]
[White "Gallucci, Alessio"]
[Black "Anton, Teodor"]
[Result "1/2-1/2"]
[WhiteElo "2240"]
[BlackElo "2379"]
[PlyCount "173"]
[EventDate "2009.08.31"]

1. e4 c5 2. Nf3 d6 3. d4 cxd4 4. Nxd4 Nf6 5. Nc3 a6 6. Bg5 e6 7. f4 Qc7 8. Qd2
b5 9. a3 Bb7 10. Bxf6 gxf6 11. f5 e5 12. Nde2 Nd7 13. h4 Nb6 14. Ng3 d5 15.
Nxd5 Bxd5 16. exd5 O-O-O 17. Qa5 Kb7 18. a4 Nxa4 19. Qxc7+ Kxc7 20. c4 Bb4+ 21.
Kf2 Kb6 22. Ne4 Nc5 23. Nxf6 Rd6 24. Ng4 Ne4+ 25. Ke3 Ng3 26. Rh3 Nxf5+ 27. Ke4
Ng7 28. Ne3 Bc5 29. g4 Bd4 30. Rb1 h5 31. g5 f5+ 32. Kd3 Rc8 33. b4 Bxe3 34.
Rxe3 bxc4+ 35. Kc3 Rxd5 36. Ra1 Ne6 37. Bxc4 Nf4 38. Kb3 Rd4 39. Bxa6 Re8 40.
Bf1 Nd5 41. Ra6+ Kb7 42. Rd3 Rxd3+ 43. Bxd3 e4 44. Bc4 Nb6 45. Be2 f4 46. Ra5
f3 47. Ba6+ Kc7 48. Rf5 Kd6 49. Bb7 Kc7 50. Bxe4 Rxe4 51. g6 Rg4 52. Rxf3 Rxg6
53. Rf7+ Kc6 54. Rh7 Rg3+ 55. Kc2 Kd5 56. Rxh5+ Kc4 57. Rg5 Rh3 58. Rg4+ Kb5
59. Kd2 Nc4+ 60. Ke2 Rh2+ 61. Ke1 Kxb4 62. Rg8 Kc3 63. Rc8 Kd3 64. Rd8+ Ke4 65.
Re8+ Ne5 66. Kd1 Rxh4 67. Kc2 Rh3 68. Kd2 Rh6 69. Kc3 Rc6+ 70. Kb4 Rc7 71. Kb3
Kd4 72. Rd8+ Nd7 73. Kb2 Kd3 74. Rh8 Rb7+ 75. Kc1 Ne5 76. Rd8+ Kc3 77. Rc8+ Nc4
78. Kd1 Rb2 79. Ke1 Ra2 80. Kf1 Kd3 81. Rd8+ Ke4 82. Re8+ Ne5 83. Ke1 Rc2 84.
Kd1 Rh2 85. Kc1 Kd4 86. Rd8+ Kc3 87. Rc8+ 1/2-1/2

[Event "C.to Europeo U18"]
[Site "Fermo ITA"]
[Date "2009.09.02"]
[Round "3"]
[White "Georgescu, Tiberiu-Marian"]
[Black "De Schampheleire, Glen"]
[Result "1-0"]
[WhiteElo "2382"]
[BlackElo "2156"]
[PlyCount "69"]
[EventDate "2009.08.31"]

1. d4 Nf6 2. c4 e6 3. Nf3 Bb4+ 4. Bd2 Qe7 5. g3 Nc6 6. Bg2 Bxd2+ 7. Nbxd2 O-O
8. O-O d6 9. e4 e5 10. d5 Nb8 11. Ne1 a5 12. Nd3 Bd7 13. f4 Na6 14. Qc2 Ng4 15.
Rae1 f6 16. Qc3 Nh6 17. fxe5 fxe5 18. Rxf8+ Qxf8 19. Rf1 Qd8 20. Nf3 b6 21. Qd2
Nf7 22. Nh4 g6 23. Nf2 Nc5 24. Qe2 Ng5 25. Nf3 Nxf3+ 26. Bxf3 h5 27. Bg2 Qg5
28. Bh3 h4 29. Bxd7 hxg3 30. Nh3 gxh2+ 31. Kxh2 Qh4 32. Qg4 Qxg4 33. Bxg4 Nxe4
34. Be6+ Kh8 35. Rf7 1-0

[Event "C.to Europeo U18"]
[Site "Fermo ITA"]
[Date "2009.09.02"]
[Round "3"]
[White "Goumas, Georgios"]
[Black "Nuri, Kambez"]
[Result "0-1"]
[WhiteElo "2315"]
[BlackElo "2198"]
[PlyCount "49"]
[EventDate "2009.08.31"]

1. c4 e5 2. a3 g6 3. b4 Bg7 4. Bb2 Ne7 5. e3 O-O 6. Be2 d5 7. cxd5 Nxd5 8. Nc3
Be6 9. Qc2 a6 10. Nf3 h6 11. Na4 Nd7 12. d4 b5 13. Nc5 Nxc5 14. dxc5 Re8 15.
O-O e4 16. Nd4 f5 17. Nxe6 Rxe6 18. Bxg7 Kxg7 19. Rfd1 Qf6 20. Rd4 c6 21. Rad1
Rae8 22. g3 g5 23. Bf1 f4 24. exf4 gxf4 25. Re1 0-1

[Event "C.to Europeo U18"]
[Site "Fermo ITA"]
[Date "2009.09.02"]
[Round "3"]
[White "Herman, Jean"]
[Black "Albano, Axel"]
[Result "1-0"]
[WhiteElo "2050"]
[BlackElo "1524"]
[PlyCount "53"]
[EventDate "2009.08.31"]

1. d4 Nf6 2. c4 d6 3. Nc3 g6 4. Nf3 Bg7 5. g3 O-O 6. Bg2 Nbd7 7. O-O c5 8. Qc2
Qc7 9. b3 a6 10. Bb2 cxd4 11. Nxd4 Nc5 12. Rfd1 e5 13. Nf3 Bf5 14. Qc1 Rfd8 15.
Nh4 Be6 16. e4 Qc6 17. Nf5 Bxf5 18. exf5 Qc7 19. Qc2 Qe7 20. b4 Ncd7 21. Bxb7
Ra7 22. Bg2 Rc7 23. g4 Nxg4 24. Nd5 Qh4 25. Nxc7 Qxh2+ 26. Kf1 Qf4 27. Nd5 1-0

[Event "C.to Europeo U18"]
[Site "Fermo ITA"]
[Date "2009.09.02"]
[Round "3"]
[White "Holvason, Juri"]
[Black "Poetz, Florian"]
[Result "0-1"]
[WhiteElo "2118"]
[BlackElo "2364"]
[PlyCount "56"]
[EventDate "2009.08.31"]

1. e4 e5 2. Nf3 Nc6 3. d4 exd4 4. Nxd4 Nf6 5. Nxc6 bxc6 6. e5 Qe7 7. Qe2 Nd5 8.
c4 Ba6 9. b3 O-O-O 10. f4 g5 11. fxg5 Bg7 12. Bb2 Qxg5 13. Nd2 Rde8 14. Nf3 Qh6
15. Qf2 Ne3 16. Bd3 Bb7 17. h3 c5 18. b4 Qf4 19. Rg1 cxb4 20. a3 Nxc4 21. Bxc4
Qxc4 22. Qxa7 Qe4+ 23. Kf1 Qd3+ 24. Ke1 d6 25. Rc1 Bh6 26. Rd1 Qb3 27. Bd4 Rhg8
28. axb4 Bxf3 0-1

[Event "C.to Europeo U18"]
[Site "Fermo ITA"]
[Date "2009.09.02"]
[Round "3"]
[White "Hookham, Jamie"]
[Black "Dvornicen, Ivan"]
[Result "0-1"]
[WhiteElo "1997"]
[BlackElo "1859"]
[PlyCount "56"]
[EventDate "2009.08.31"]

1. e4 e6 2. d4 d5 3. Nd2 dxe4 4. Nxe4 Nd7 5. Nf3 Ngf6 6. Nxf6+ Nxf6 7. Bg5 Be7
8. Bd3 O-O 9. Qe2 c5 10. dxc5 Qa5+ 11. Bd2 Qxc5 12. O-O-O Bd7 13. Ne5 Rfc8 14.
g4 Bb5 15. Bc3 Bxd3 16. Rxd3 Nd5 17. Rf3 Nxc3 18. Rxc3 Qd5 19. Rxc8+ Rxc8 20.
Rd1 Qxa2 21. c3 Rxc3+ 22. Kd2 Qxb2+ 23. Ke1 Rc2 24. Qe3 Qb4+ 25. Kf1 Qb5+ 26.
Kg1 Re2 27. Qd4 Qxe5 28. Qd8+ Bf8 0-1

[Event "C.to Europeo U18"]
[Site "Fermo ITA"]
[Date "2009.09.02"]
[Round "3"]
[White "Jendrichovsky, Peter"]
[Black "Valsecchi, Alessio"]
[Result "1/2-1/2"]
[WhiteElo "2147"]
[BlackElo "2372"]
[PlyCount "81"]
[EventDate "2009.08.31"]

1. e4 e5 2. Nf3 Nc6 3. d4 exd4 4. Nxd4 Nf6 5. Nxc6 bxc6 6. e5 Qe7 7. Qe2 Nd5 8.
c4 Ba6 9. b3 Qh4 10. Bb2 Bb4+ 11. Nd2 O-O 12. g3 Qg5 13. f4 Qe7 14. Qf3 Nb6 15.
a3 Bxd2+ 16. Kxd2 Rab8 17. Qc3 f6 18. Re1 d5 19. exf6 Qd8 20. c5 d4 21. Qxd4
Bxf1 22. cxb6 Bg2 23. bxc7 Qxc7 24. Re7 Qa5+ 25. b4 Rfd8 26. Rxg7+ Kf8 27. Re1
Rxb4 28. axb4 Qxb4+ 29. Kd3 Qb3+ 30. Ke2 Qf3+ 31. Kd2 Qf2+ 32. Kd3 Bf1+ 33.
Rxf1 Qxf1+ 34. Ke3 Qg1+ 35. Kd3 Qd1+ 36. Ke3 Qg1+ 37. Ke4 Qb1+ 38. Kf3 Rxd4 39.
Bxd4 Qd3+ 40. Be3 Qd1+ 41. Kf2 1/2-1/2

[Event "C.to Europeo U18"]
[Site "Fermo ITA"]
[Date "2009.09.02"]
[Round "3"]
[White "Kleijn, Christov"]
[Black "Smola, Michal"]
[Result "1-0"]
[WhiteElo "2377"]
[BlackElo "2231"]
[PlyCount "119"]
[EventDate "2009.08.31"]

1. e4 c5 2. Nf3 d6 3. Nc3 e6 4. d4 cxd4 5. Nxd4 Nf6 6. Be2 Nc6 7. O-O Be7 8.
Kh1 O-O 9. Be3 a6 10. a4 Qc7 11. f4 Rd8 12. Bf3 Na5 13. Qe1 Rb8 14. Ncb5 axb5
15. Nxb5 Qxc2 16. Qxa5 d5 17. Bb6 Re8 18. Nc7 Rf8 19. exd5 exd5 20. Nxd5 Nxd5
21. Bxd5 Bf5 22. Rf2 Qd3 23. Rd2 Qa6 24. Re1 Bh4 25. g3 Bf6 26. Qxa6 bxa6 27.
a5 Rfe8 28. Rxe8+ Rxe8 29. Kg2 h5 30. Bb7 Be4+ 31. Bxe4 Rxe4 32. Bc5 g5 33.
fxg5 Bxg5 34. Rc2 h4 35. b4 hxg3 36. Kxg3 f5 37. Bd6 Re3+ 38. Kg2 f4 39. Rc5
f3+ 40. Kf2 Bh6 41. Rh5 Re6 42. Bc5 Rf6 43. Rh3 Bd2 44. Rxf3 Rh6 45. h3 Rh4 46.
Rb3 Rc4 47. Ke2 Bh6 48. Kd3 Rh4 49. Kc2 Kf7 50. Rd3 Bg7 51. Rd7+ Kg6 52. Rd6+
Kf5 53. Rxa6 Rxh3 54. Ra7 Be5 55. Rd7 Ke4 56. a6 Rc3+ 57. Kb1 Ra3 58. a7 Bc3
59. Rd8 Bxb4 60. Rd4+ 1-0

[Event "C.to Europeo U18"]
[Site "Fermo ITA"]
[Date "2009.09.02"]
[Round "3"]
[White "Kopylov, Alexander A."]
[Black "Mordechai, Hanan"]
[Result "1-0"]
[WhiteElo "2442"]
[BlackElo "2263"]
[PlyCount "55"]
[EventDate "2009.08.31"]

1. Nf3 Nf6 2. g3 g6 3. Bg2 Bg7 4. O-O O-O 5. d3 d6 6. c4 e5 7. Nc3 Nc6 8. Rb1
a5 9. a3 Nh5 10. b4 axb4 11. axb4 f5 12. Nd5 Ne7 13. b5 h6 14. b6 c6 15. Nc7
Rb8 16. c5 dxc5 17. Qb3+ Kh7 18. Ba3 Nd5 19. Bxc5 Nxc7 20. Bxf8 Qxf8 21. bxc7
Ra8 22. Nd2 Qd6 23. Nc4 Qxc7 24. Nb6 Ra7 25. Ra1 Rxa1 26. Rxa1 Nf6 27. Nxc8
Qxc8 28. Ra7 1-0

[Event "C.to Europeo U18"]
[Site "Fermo ITA"]
[Date "2009.09.02"]
[Round "3"]
[White "Kourousis, Epaminondas"]
[Black "Balokas, Dimitrios"]
[Result "1-0"]
[WhiteElo "2237"]
[BlackElo "1922"]
[PlyCount "49"]
[EventDate "2009.08.31"]

1. Nf3 Nf6 2. c4 e6 3. g3 b6 4. Bg2 Bb7 5. O-O Be7 6. Nc3 O-O 7. Re1 Ne4 8.
Nxe4 Bxe4 9. d3 Bb7 10. e4 c5 11. d4 cxd4 12. Nxd4 a6 13. b3 Nc6 14. Bb2 Qc7
15. Nc2 b5 16. Ne3 bxc4 17. Nxc4 Nb4 18. Be5 Qc6 19. a3 d6 20. Bd4 d5 21. Na5
Qb5 22. axb4 Bxb4 23. Nxb7 Bxe1 24. Qxe1 Qxb7 25. exd5 1-0

[Event "C.to Europeo U18"]
[Site "Fermo ITA"]
[Date "2009.09.02"]
[Round "3"]
[White "MacGregor, Ian Ross"]
[Black "Massoni, Michael"]
[Result "0-1"]
[WhiteElo "1854"]
[BlackElo "2291"]
[PlyCount "64"]
[EventDate "2009.08.31"]

1. d4 Nf6 2. Nf3 g6 3. Bf4 Bg7 4. e3 d6 5. Be2 O-O 6. O-O c5 7. c3 b6 8. Nbd2
Bb7 9. Ng5 Nc6 10. Bf3 h6 11. Nge4 Nxe4 12. Bxe4 e5 13. dxe5 dxe5 14. Bg3 f5
15. Bxc6 Bxc6 16. f3 Qd3 17. Re1 Rad8 18. Qb3+ Bd5 19. c4 Be6 20. Rad1 Qxb3 21.
axb3 Rd3 22. Kf1 e4 23. Ke2 Rfd8 24. fxe4 fxe4 25. h3 Bf5 26. Bc7 R8d7 27. g4
Rxc7 28. gxf5 gxf5 29. Rf1 Rf7 30. Rb1 h5 31. Rg1 Kh7 32. Rg5 Bh6 0-1

[Event "C.to Europeo U18"]
[Site "Fermo ITA"]
[Date "2009.09.02"]
[Round "3"]
[White "Mammadov, Ayaz Arzu Oglu"]
[Black "Kavcic, Janez"]
[Result "1-0"]
[WhiteElo "2331"]
[BlackElo "1998"]
[PlyCount "93"]
[EventDate "2009.08.31"]

1. e4 c5 2. Nf3 Nc6 3. d4 cxd4 4. Nxd4 e5 5. Nb5 d6 6. a4 Be7 7. N1c3 a6 8. Na3
Be6 9. Bc4 Rc8 10. O-O Nf6 11. Bg5 Nd7 12. Bxe7 Qxe7 13. Nd5 Bxd5 14. Bxd5 Nb6
15. c3 O-O 16. Nc4 Nxc4 17. Bxc4 Na5 18. Bd5 Nc4 19. Qe2 Nb6 20. Bb3 g6 21.
Rfd1 Nd7 22. Qd2 Nc5 23. Bd5 Kg7 24. b4 Ne6 25. Rac1 Rfd8 26. g3 h6 27. Qe3 Rd7
28. a5 Qg5 29. Qf3 Qe7 30. h4 f6 31. Qg4 Re8 32. h5 g5 33. Qf5 Nf8 34. Rd3 Rb8
35. c4 b6 36. b5 axb5 37. cxb5 bxa5 38. Bc6 Rc7 39. Rcd1 Qe6 40. Rxd6 Qxf5 41.
exf5 a4 42. Rd8 Rcc8 43. Rxc8 Rxc8 44. Ra1 Kf7 45. Rxa4 Ke7 46. Ra7+ Kd6 47.
Rf7 1-0

[Event "C.to Europeo U18"]
[Site "Fermo ITA"]
[Date "2009.09.02"]
[Round "3"]
[White "Martinovic, Sasa"]
[Black "Garnelis, Julius"]
[Result "1/2-1/2"]
[WhiteElo "2525"]
[BlackElo "2228"]
[PlyCount "53"]
[EventDate "2009.08.31"]

1. d4 d5 2. c4 e6 3. Nc3 c6 4. e4 dxe4 5. Nxe4 Bb4+ 6. Bd2 Qxd4 7. Bxb4 Qxe4+
8. Be2 Ne7 9. Nf3 Nd5 10. Nd2 Qd4 11. Ba3 Nf6 12. O-O b6 13. Bf3 Bb7 14. Qc2
Nbd7 15. Rad1 Qf4 16. Rfe1 Qc7 17. c5 bxc5 18. Bxc5 Nxc5 19. Qxc5 Nd7 20. Qb4
a5 21. Qc3 O-O 22. Nc4 c5 23. Bxb7 Qxb7 24. Rd3 Nb6 25. Rg3 g6 26. Nxa5 Qc7 27.
Nc4 1/2-1/2

[Event "C.to Europeo U18"]
[Site "Fermo ITA"]
[Date "2009.09.02"]
[Round "3"]
[White "Mereu, Matteo"]
[Black "Bebel, Arkadiusz"]
[Result "0-1"]
[WhiteElo "1964"]
[BlackElo "2276"]
[PlyCount "100"]
[EventDate "2009.08.31"]

1. e4 c5 2. b4 cxb4 3. a3 e6 4. axb4 Bxb4 5. c3 Be7 6. d4 b6 7. f4 Bb7 8. e5
Bh4+ 9. Kd2 Be7 10. Nf3 d6 11. Bd3 h6 12. Rg1 g5 13. Ke1 g4 14. Nfd2 f5 15. Nc4
d5 16. Ne3 Qc8 17. Nxg4 Nc6 18. Ne3 h5 19. Ba3 Na5 20. Bb4 Nc6 21. Bxe7 Ngxe7
22. Nd2 Na5 23. Rc1 Ba6 24. Qe2 Bxd3 25. Qxd3 a6 26. Ra1 Qd8 27. c4 Kf8 28.
cxd5 Nxd5 29. Nxf5 exf5 30. Qxf5+ Kg7 31. g4 h4 32. e6 Rf8 33. Qe5+ Kg8 34. f5
Nc6 35. Qe4 Rc8 36. Rc1 Nf6 37. Qf4 Qxd4 38. Qg5+ Kh8 39. Qh6+ Nh7 40. Nf3 Qe4+
41. Kf2 Ne5 42. Nxh4 Rc2+ 43. Rxc2 Qxc2+ 44. Kg3 Qd3+ 45. Kg2 Rc8 46. e7 Qe4+
47. Kh3 Rc3+ 48. Rg3 Qxg4+ 49. Kg2 Qe2+ 50. Kh3 Qf1+ 0-1